100 things to know about saving the planet / (Record no. 499)

MARC details
000 -LEADER
fixed length control field 02693cam a2200541 i 4500
005 - DATE AND TIME OF LATEST TRANSACTION
control field 20230509101356.0
020 ## - INTERNATIONAL STANDARD BOOK NUMBER
International Standard Book Number 9781474981835
Qualifying information (hardcover)
020 ## - INTERNATIONAL STANDARD BOOK NUMBER
International Standard Book Number 1474981836
Qualifying information (hardcover)
020 ## - INTERNATIONAL STANDARD BOOK NUMBER
International Standard Book Number 9780794551117
Qualifying information (paperback)
020 ## - INTERNATIONAL STANDARD BOOK NUMBER
International Standard Book Number 0794551114
Qualifying information (paperback)
040 ## - CATALOGING SOURCE
Original cataloging agency TOH
Language of cataloging eng
Transcribing agency TOH
Modifying agency TOH
-- NZHWP
-- OCLCO
-- OCLCF
Description conventions rda
Modifying agency ATCDL
-- GIP
-- OQX
-- DLC
-- FISKH
050 00 - LIBRARY OF CONGRESS CALL NUMBER
Classification number TD170.15
Item number .H35 2020
082 04 - DEWEY DECIMAL CLASSIFICATION NUMBER
Classification number 363.7
Edition number 23
100 1# - MAIN ENTRY--PERSONAL NAME
Personal name Hall, Rose,
Relator term author.
245 10 - TITLE STATEMENT
Title 100 things to know about saving the planet /
Statement of responsibility, etc. written by Rose Hall, Jerome Martin, Alice James, Darran Stobbart, Alex Frith, Tom Mumbray, Eddie Reynolds, Lan Cook and Matthew Oldham ; illustrated by Parko Polo, Dominique Byron, Dale Edwin Murray, Federico Mariani, Jake Williams and Ollie Hoff.
246 3# - VARYING FORM OF TITLE
Title proper/short title One hundred things to know about saving the planet
246 3# - VARYING FORM OF TITLE
Title proper/short title Saving the planet
300 ## - PHYSICAL DESCRIPTION
Extent 128 pages :
Other physical details color illustrations, color map ;
Dimensions 25 cm.
500 ## - GENERAL NOTE
General note Includes index.
505 ## - FORMATTED CONTENTS NOTE
Formatted contents note S
520 ## - SUMMARY, ETC.
Summary, etc. How could plastic-eating bacteria help reduce waste? Can a river be given human rights? Could we generate all the power we need from the sun and the wind? How do woolly sweaters help penguins in peril? Would building a giant sunshade in space stop the world from overheating? Find the answers to these questions and more in this bold, graphic and exciting book, full of big, small and unexpected ways to save the planet.
521 ## - TARGET AUDIENCE NOTE
Target audience note 940 <br/>
Source Lexile IG
521 ## - TARGET AUDIENCE NOTE
Target audience note S <br/>
Source Raz-Plus
650 #0 - SUBJECT ADDED ENTRY--TOPICAL TERM
Topical term or geographic name entry element Environmental protection
Form subdivision Juvenile literature.
650 #0 - SUBJECT ADDED ENTRY--TOPICAL TERM
Topical term or geographic name entry element Environmental responsibility
Form subdivision Juvenile literature.
650 #0 - SUBJECT ADDED ENTRY--TOPICAL TERM
Topical term or geographic name entry element Environmental protection
General subdivision Miscellanea
Form subdivision Juvenile literature.
650 #7 - SUBJECT ADDED ENTRY--TOPICAL TERM
Topical term or geographic name entry element Environmental protection.
Source of heading or term fast
Authority record control number or standard number (OCoLC)fst00913324
650 #7 - SUBJECT ADDED ENTRY--TOPICAL TERM
Topical term or geographic name entry element Environmental responsibility.
Source of heading or term fast
Authority record control number or standard number (OCoLC)fst00913443
655 #7 - INDEX TERM--GENRE/FORM
Genre/form data or focus term Juvenile works.
Source of term fast
Authority record control number or standard number (OCoLC)fst01411637
700 1# - ADDED ENTRY--PERSONAL NAME
Personal name Martin, Jerome
Titles and other words associated with a name (Writer of children's books),
Relator term author.
700 1# - ADDED ENTRY--PERSONAL NAME
Personal name James, Alice
Titles and other words associated with a name (Editor),
Relator term author.
700 1# - ADDED ENTRY--PERSONAL NAME
Personal name Stobbart, Darran,
Relator term author.
700 1# - ADDED ENTRY--PERSONAL NAME
Personal name Frith, Alex
Titles and other words associated with a name (Children's author),
Relator term author.
700 1# - ADDED ENTRY--PERSONAL NAME
Personal name Mumbray, Tom,
Relator term author.
700 1# - ADDED ENTRY--PERSONAL NAME
Personal name Reynolds, Eddie,
Relator term author.
700 1# - ADDED ENTRY--PERSONAL NAME
Personal name Cook, Lan,
Relator term author.
700 1# - ADDED ENTRY--PERSONAL NAME
Personal name Oldham, Matthew,
Relator term author.
700 1# - ADDED ENTRY--PERSONAL NAME
Personal name Polo, Parko,
Relator term illustrator.
700 1# - ADDED ENTRY--PERSONAL NAME
Personal name Byron, Dominique,
Relator term illustrator.
700 1# - ADDED ENTRY--PERSONAL NAME
Personal name Murray, Dale Edwin,
Relator term illustrator.
700 1# - ADDED ENTRY--PERSONAL NAME
Personal name Mariani, Federico,
Dates associated with a name 1974-
Relator term illustrator.
700 1# - ADDED ENTRY--PERSONAL NAME
Personal name Williams, Jake,
Relator term illustrator.
700 1# - ADDED ENTRY--PERSONAL NAME
Personal name Hoff, Ollie,
Relator term illustrator.
906 ## - LOCAL DATA ELEMENT F, LDF (RLIN)
a 7
b cbc
c copycat
d 2
e ncip
f 20
g y-gencatlg
942 ## - ADDED ENTRY ELEMENTS (KOHA)
Source of classification or shelving scheme Dewey Decimal Classification
Koha item type Books
Suppress in OPAC No
999 ## -
-- 499
-- 499
Holdings
Withdrawn status Lost status Source of classification or shelving scheme Damaged status Not for loan Collection Home library Current library Shelving location Date acquired Total Checkouts Full call number Barcode Date last seen Price effective from Koha item type
    Dewey Decimal Classification     Non-Fiction Footprints International School Library Network Toul Kork Campus Footprints International School Library Network Toul Kork Campus   05/09/2023   HAL 363.7 2023-0088 05/09/2023 05/09/2023 Books